Lisabonská stratégia - otvorené otázky bakalárska práca

Salvato in:
Dettagli Bibliografici
Autore principale: Kurcová, Gabriela
Ente Autore: Národohospodárska fakulta EU. Katedra hospodárskej politiky
Altri autori: Vincúr, Pavol
Natura: Libro
Lingua:slovacco
Pubblicazione: Bratislava 2009
Tags: Aggiungi Tag
Nessun Tag, puoi essere il primo ad aggiungerne!!

MARC

LEADER 00000nam$a2200000$$$4500
001 0099065
005 20240319123821.5
041 0 |a slo 
044 |a SK 
245 1 0 |a Lisabonská stratégia - otvorené otázky  |b bakalárska práca  |c Gabriela Kurcová ; škol. Pavol Vincúr 
264 1 |a Bratislava  |c 2009 
300 |a 45 s. 
100 1 |a Kurcová, Gabriela 
700 1 |a Vincúr, Pavol 
710 2 |a Národohospodárska fakulta EU. Katedra hospodárskej politiky